000 00479nam a2200157 i 4500
001 58956
003 ES-MaACL
005 20230906163927.0
007 t|
008 031024s1981 sp ||||1| spa d
100 1 _aEcheverría, Tomás.
_946582
245 1 0 _aLo que pasa en Televisión Española o ¿somos un país de locos? /
_cTomás Echeverría.
260 _a[Madrid :
_bs.n.,
_c1981] (
_fGráf. Arpema)
300 _a149 p. ;
_c21 cm.
852 _aES-MaACL
_jL-1334
_bR.102225
999 _c58956
_d58956